000 00374 a2200169 4500
001 188799
020 _a978-85-357-0808-0
040 _cMagnum
100 _aBoligian, Levon
240 1 0 _aGeografia: espaço e vivência
_lpor
245 1 0 _aGeografia: espaço e vivência
300 _a560
362 0 _a2008
440 1 _aAtual
697 _aMISCELÂNEA
942 _cBK
999 _c188799
_d188799